000 00393nam a22001937a 4500
003 UA-OsUOA
001 2822
007 ta
008 20050721b un ||||| |||| 00| 0 ukr d
100 _aGoertzel
700 _aV.
700 _aGeorg
700 _aM.
942 _cBK
040 _aUA-OsUOA
_cUA-OsUOA
_dUA-OsUOA
245 _aCradles of eminence.
_bFiction
955 _a2
650 7 _2UDC
999 _c288984
_d288984